| Tag |
First Indicator |
Second Indicator |
Subfields |
| LEADER |
00000cam a2200000 i 4500 |
| 001 |
in00003528107 |
| 005 |
20151105192855.0 |
| 008 |
141114t20152015stkab b 001 0 eng d |
| 020 |
|
|
|a 9780748686025 (hardback)
|
| 020 |
|
|
|a 0748686029 (hardback)
|
| 020 |
|
|
|z 9780748686032 (webready PDF)
|
| 020 |
|
|
|z 9780748686056 (epub)
|
| 035 |
|
|
|a (OCoLC)ocn904955250
|
| 040 |
|
|
|a CDX
|e rda
|c CDX
|d EYM
|d BWK
|d UtOrBLW
|
| 049 |
|
|
|a TXAM
|
| 050 |
|
4 |
|a DS70.8.A89
|b D66 2015
|
| 082 |
0 |
|
|a 956.7004921
|2 23
|
| 100 |
1 |
|
|a Donabed, Sargon,
|e author.
|
| 245 |
1 |
0 |
|a Reforging a forgotten history :
|b Iraq and the Assyrians in the twentieth century /
|c Sargon George Donabed.
|
| 264 |
|
1 |
|a Edinburgh :
|b Edinburgh University Press,
|c [2015]
|
| 264 |
|
4 |
|c ©2015
|
| 300 |
|
|
|a xvi, 416 pages :
|b illustrations, maps ;
|c 24 cm.
|
| 336 |
|
|
|a text
|b txt
|2 rdacontent
|
| 337 |
|
|
|a unmediated
|b n
|2 rdamedia
|
| 338 |
|
|
|a volume
|b nc
|2 rdacarrier
|
| 504 |
|
|
|a Includes bibliographical references and index.
|
| 650 |
|
0 |
|a Assyrians
|z Iraq.
|
| 650 |
|
0 |
|a Assyrians
|z Iraq
|x History
|y 20th century.
|
| 945 |
|
|
|a PromptCat
|b 168539
|
| 946 |
|
|
|a stk
|
| 947 |
|
|
|a A14842974454
|
| 948 |
|
|
|a cataloged
|b h
|c 2015/5/1
|d c
|e dmitchel
|f 10:30:20 am
|
| 994 |
|
|
|a C0
|b TXA
|
| 999 |
|
|
|a MARS
|
| 999 |
f |
f |
|s 414e8d08-0f85-3865-85c6-5f14c9a9af0f
|i 7b6ca5a9-1b06-307a-a539-cb9944445ccc
|t 0
|
| 952 |
f |
f |
|p normal
|a Texas A&M University
|b College Station
|c Sterling C. Evans Library
|d Evans: Library Stacks
|t 0
|e DS70.8.A89 D66 2015
|h Library of Congress classification
|i unmediated -- volume
|m A14842974454
|
| 998 |
f |
f |
|a DS70.8.A89 D66 2015
|t 0
|l Evans: Library Stacks
|